Wie aktuell sind Marx' Kernaussagen heute: hat nur er einen Bart oder auch seine Philosophie

Saved in:  
Bibliographic Details
Main Author: Hastedt, Heiner 1958- (Author)
Format: Print Article
Language:German
Check availability: HBZ Gateway
Interlibrary Loan:Interlibrary Loan for the Fachinformationsdienste (Specialized Information Services in Germany)
Published: 2019
In: Karl Marx
Year: 2019, Pages: 43-59

MARC

LEADER 00000caa a2200000 c 4500
001 1686707673
003 DE-627
005 20211011100536.0
007 tu
008 200108s2019 xx ||||| 00| ||ger c
020 |a 9783658248413 
035 |a (DE-627)1686707673 
035 |a (DE-599)KXP1686707673 
040 |a DE-627  |b ger  |c DE-627  |e rda 
041 |a ger 
084 |a 1  |2 ssgn 
100 1 |e VerfasserIn  |0 (DE-588)11189509X  |0 (DE-627)484455575  |0 (DE-576)165060581  |4 aut  |a Hastedt, Heiner  |d 1958- 
109 |a Hastedt, Heiner 1958- 
245 1 0 |a Wie aktuell sind Marx' Kernaussagen heute  |b hat nur er einen Bart oder auch seine Philosophie  |c Heiner Hastedt 
264 1 |c 2019 
336 |a Text  |b txt  |2 rdacontent 
337 |a ohne Hilfsmittel zu benutzen  |b n  |2 rdamedia 
338 |a Band  |b nc  |2 rdacarrier 
601 |a Philosophie 
773 0 8 |i Enthalten in  |t Karl Marx  |d Wiesbaden, Germany : Springer Gabler, 2019  |g (2019), Seite 43-59  |h VII, 138 Seiten  |w (DE-627)1667643649  |z 9783658248413  |7 nnam 
773 1 8 |g year:2019  |g pages:43-59 
951 |a AR 
ELC |b 1 
ORI |a SA-MARC-ixtheo_oa001.raw